Edisi Bagaimana

Bibliographic Details
Main Author: Aziela Hanafee
Format: Book
Published: Selangor : Penerbit Pinang Sdn.Bhd , 2004
Subjects:

MARC

LEADER 00000cam a2200000 7i4500
001 0000049430
005 20030216.0
008 030216s2004
020 |a 9830555690 
090 0 0 |a J 039.992302 AZI 
100 0 |a Aziela Hanafee 
245 0 0 |a Edisi Bagaimana   |c Aziela Hanafee 
260 |a Selangor :   |b Penerbit Pinang Sdn.Bhd ,   |c 2004 
300 |a 78p :   |b col.ill ;   |c 26cm. 
650 0 0 |a Encyclopedias And Dictionaries,Malay--Miscellanea 
999 |a 236833   |b Buku   |c Koleksi Pinjaman Kanak-Kanak   |e Perbadanan Perpustakaan Awam Melaka 
999 |a 236834   |b Buku   |c Koleksi Pinjaman Kanak-Kanak   |e Perbadanan Perpustakaan Awam Melaka